000 00815nam a2200217 a 4500
001 000021995
005 20200930011533.0
008 100915s2005 gr r 000 | spa d
020 _a9608745896
040 _aDO-SdBNP
_bspa
_cBNPHU
082 _axxx
_bV436e
100 1 _aVelestinlís, Rigas
_945590
240 0 _aTA EПАпАΣTΙΚΑ
245 1 4 _aLos escritos revolucionarios /
_cRigas Velestinlís; traducción, Isabel García Gálvez; introducción y edición, Dimitrios Karamberópulos.
260 _aAtenas :
_bSociedad Científica de Estudios sobre Feres- Velestino-Rigas,
_c2005.
300 _a182 p. :
_bil. ;
_c24 cm.
534 _aTítulo original :
_tTA EПАпАΣTΙΚΑ
700 1 _aGarcía Gálvez, Isabel
_etr.
_945591
700 1 _aKaramberópulos, Dimitrios
_eintrod.
_945592
049 _aBNGR
999 _c21493
_d21493